Statistics for Most Popular Cake Flavors

Click here to take the quiz!

General Stats

  • This quiz has been taken 815 times
  • The average score is 5 of 10

Answer Stats

HintAnswer% Correct
1Chocolate Cake
99%
5Vanilla Cake
93%
4Red Velvet Cake
67%
8Lemon Cake
63%
10Carrot Cake
56%
9Banana Cake
31%
7Yellow Butter Cake
21%
3Pineapple Cake
17%
2Black Forest Cake
11%
6Rum Cake
9%

Score Distribution

Percentile by Number Answered

Percent of People with Each Score

Your Score History

You have not taken this quiz